1154 1919 1301 1148 1036 1509 1548 1591 1598 1190 1818 1983 1541 1662 1312 1194 1693 1961 1350 1391 1991 1222 1195 1956 1466 1367 1377 1339 1157 1484 1999 1937 1791 1685 1005 1527 1977 1535 1563 1965 1637 1312 1682 1933 1652 1309 1094 1340 1142 1024 1100 1143 1300 1248 1169 1892 1544 1821 1855 1065 1169 1156 1619 1147 1522 1909 1723 1700 1731 1887 1161 1707 1982 1932 1280 1343 1370 1713 1997 1751 1032 1140 1711 1779 1789 1342 1443 1655 1578 1262 1583 1307 1104 1943 1880 1618 1352 1667 1599 BCNSPRNW ULIB Ver.6.0+V

เปลี่ยนเป็นภาษาไทย

Change to English
 แสดงรายละเอียดบรรณานุกรม
  กลับหน้าหลัก

Brief Record : Get Marc (ISO 2709) : E-mail record : QR code < ปิดหน้าต่าง
LEADER : 00000nam 2200000uu 4500
001    13399126346
003     ULIB
008    180910s2559||||th 000 0 tha d
020    ^a9789740334699
050  4 ^aLB 1139.23^bศ295ก
100 0  ^aศศิลักษณ์ ขยันกิจ
245 10 ^aการประเมินอย่างใคร่ครวญต่อเด็กปฐมวัย :^bแนวคิดและการปฏิบัติเพื่อสนับสนุนการเรียนรู้ /^cศศิลักษณ์ ขยันกิจ, บุษบง ตันติวงศ์
260    ^aกรุงเทพฯ :^bสำนักพิมพ์แห่งจุฬาลงกรณ์มหาวิทยาลัย,^c2559
300    ^a206 หน้า :^bภาพประกอบ
650  4 ^aการศึกษาปฐมวัย^xการประเมิน
650  4 ^aครูปฐมวัย
650  4 ^aเด็กปฐมวัย
700 0  ^aบุษบง ตันติวงศ์
945    ^p300^l0^i004571
945    ^p300^l0^i004569
945    ^p300^l0^i004570
999    ^aประนอม เกษจรัล
รายการนี้ยังไม่มีแท็ก
คุณยังไม่ได้ล็อกอิน คุณสามารถมีกิจกรรมร่วมกับเว็บไซต์ได้ แต่ต้องล็อกอินก่อน ::
  ล็อกอิน

รายการสื่อสารสนเทศ

ลำดับที่ ประเภท เลขเรียก/บาร์โค้ด สถานที่ สถานะ
1. การศึกษาทั่วไป
หนังสือสำรอง
สถานะ=หนังสือสำรอง
LB 1139.23 ศ295ก ฉ.1 
  Barcode: 004569
ห้องสมุดวิทยาเขตสวรรค์ประชารักษ์
►หนังสือทั่วไป
บนชั้น
2. การศึกษาทั่วไป
การศึกษาทั่วไป
LB 1139.23 ศ295ก ฉ.2 
  Barcode: 004570
ห้องสมุดวิทยาเขตสวรรค์ประชารักษ์
►หนังสือทั่วไป
บนชั้น
3. การศึกษาทั่วไป
การศึกษาทั่วไป
LB 1139.23 ศ295ก ฉ.3 
  Barcode: 004571
ห้องสมุดวิทยาเขตสวรรค์ประชารักษ์
►หนังสือทั่วไป
บนชั้น

รายการใกล้เคียง
    ผู้แต่ง [ศศิลักษณ์ ขยันกิจ]

    หัวเรื่อง [ครูปฐมวัย]
    หัวเรื่อง [เด็กปฐมวัย]

BibComment


ยังไม่เคยถูกคอมเมนท์

คอมเมนท์ทรัพยากรรายการนี้
  คอมเมนท์: การประเมินอย่างใ..


 Copyright 2026. Bcnsprnw @Library